Сепаратистские Флаги - Statistics

General Stats
  • This quiz has been taken 798 times
  • The average score is 8 of 16
Answer Stats
Picture Answer % Correct
Абхазия
89%
Шотландия
85%
Приднестровье
83%
Каталония
73%
Курдистан
73%
Северный Кипр
73%
Бавария
57%
Тибет
54%
Республика Сербская
39%
Корсика
36%
Восточный Туркестан
35%
Страна Басков
31%
Квебек
29%
Занзибар
20%
Южный Йемен
18%
Тыграй
7%
No matching quizzes found
Score Distribution
Percent of People with Each Score
Percentile by Number Answered
Your Score History
You have not taken this quiz